| 000 | 01186nam a2200325 i 4500 | ||
|---|---|---|---|
| 001 | 180188 | ||
| 003 | ES-MaACL | ||
| 005 | 20230929122209.0 | ||
| 008 | 120514s2011 sp acp |||| |dspa d | ||
| 020 | _a978-84-7774-207-4 | ||
| 080 | _a7.037.4 | ||
| 100 | 1 |
_aHausmann, Raoul. _9150003 |
|
| 245 | 1 | 0 |
_aCorreo Dadá : _b(una historia del movimiento dadaísta contada desde dentro) / _cRaoul Hausmann ; prólogo de Santiago López Petit ; traducción de Marisa Pérez Colina. |
| 250 |
_aNueva ed. ampl., establecida y anotada _bpor Marc Dachy. |
||
| 260 |
_a[Madrid] : _bAcuarela : _bA. Machado Libros, _c2011. |
||
| 300 |
_a260 p. : _bil. ; _c21 cm. |
||
| 490 | 1 |
_aAcuarela libros ; _v31 |
|
| 500 | _aCronología: p. 247-254. | ||
| 500 | _aÍndices. | ||
| 504 | _aBibliografía: p. 239-245. | ||
| 650 | 7 |
_aDadaísmo. _911531 |
|
| 700 | 1 |
_aDachy, Marc. _9150004 |
|
| 700 | 1 |
_aLópez Petit, Santiago. _9150005 |
|
| 700 | 1 |
_aPérez Colina, Marisa. _990735 |
|
| 830 | 1 |
_aAcuarela libros ; _v31 _9191206 |
|
| 852 |
_aES-MaACL _jA-12098 _9187098 _bR.147062 _cDEPO1 _dOlim: N-5103 |
||
| 942 |
_2udc _cMONOGRAFIA |
||
| 999 |
_c180188 _d180188 |
||